000 00801nam a22002177a 4500
003 UA-OsUOA
001 82459
007 ta
008 20120306b un ||||| |||| 00| 0 ukr d
100 _aБоряк Т.Г.
090 _a93
_bБ84
942 _cSA
040 _aUA-OsUOA
_bukr
_cUA-OsUOA
_dUA-OsUOA
245 _aФормування сучасного напрямку розвитку архівної україніки: програма "Архівна та рукописна україніка..." (1991)
300 _aС.4-10
955 _a0
041 _aukr
080 _a93
773 0 _w82458
_tБібліотекознавство. Документознавство. Інформологія
_d2011
_d4
650 7 _a9 Географія. Біографії. Історія
_2UDC
999 _c368768
_d368768